India's Most Fearless 3: New Military Stories Of Unimaginable Courage And sacrifice (Record no. 367886)

MARC details
000 -LEADER
fixed length control field 00298 a2200109 4500
005 - DATE AND TIME OF LATEST TRANSACTION
control field 20250926115321.0
020 ## - INTERNATIONAL STANDARD BOOK NUMBER
International Standard Book Number 9780143451112
100 ## - MAIN ENTRY--PERSONAL NAME
Personal name Aroor S.
9 (RLIN) 213445
245 ## - TITLE STATEMENT
Title India's Most Fearless 3: New Military Stories Of Unimaginable Courage And sacrifice
260 ## - PUBLICATION, DISTRIBUTION, ETC. (IMPRINT)
Name of publisher, distributor, etc. Penguin
Date of publication, distribution, etc. 2022
942 ## - ADDED ENTRY ELEMENTS (KOHA)
Koha item type Article
Holdings
Withdrawn status Lost status Source of classification or shelving scheme Damaged status Not for loan Home library Current library Date acquired Vendor Cost, normal purchase price Total Checkouts Full call number Barcode Checked out Date last seen Date last checked out Cost, replacement price Bill Date Koha item type
    Dewey Decimal Classification     Cummins College of Engineering for Women Pune Cummins College of Engineering for Women Pune 30/09/2025 63 280.00 5 823.3 ARO CCEP-BK-69573 08/04/2026 25/03/2026 25/03/2026 350.00 30/09/2025 Books